| 000 | 00873nam a2200241 a 4500 | ||
|---|---|---|---|
| 001 | 000686581 | ||
| 003 | AM-YeHGA | ||
| 005 | 20250617142258.0 | ||
| 008 | 090930s2008 nyu r 000 0 eng d | ||
| 040 | _aAM-YeHGA | ||
| 041 | 0 | _aeng | |
| 100 | 1 | _aJohnson, Norman F. | |
| 245 | 1 | 0 |
_aReview of genera of the tribe Sparasionini (Hymenoptera: Platygastroidea, Scelionidae), and description of two new genera from the New World / _cNorman F. Johnson, Lubomir Masner, and Luciana Musetti. |
| 260 |
_aNew York : _bAmerican Museum of Natural History, _c2008. |
||
| 300 |
_a24 p. : _bill. : figs. |
||
| 440 | 0 |
_aAmerican Museum Novitates _x0003-0082 _vNo. 3629 |
|
| 504 | _aIncludes bibliogr. references : (p. 22-24.) | ||
| 650 | 1 | 4 | _aZoology |
| 700 | 1 | _aMasner, Lubomir | |
| 700 | 1 | _aMusetti, Luciana | |
| 710 | 2 | _aAmerican Museum of Natural History | |
| 090 | _c256250 | ||
| 999 |
_c254647 _d254647 |
||